| 000 | 00961nam a2200265 i 4500 | ||
|---|---|---|---|
| 003 | IT-RoINE | ||
| 005 | 20161011085349.0 | ||
| 008 | 930725s1986 sp r | spa d | ||
| 020 | _a842490267X | ||
| 040 |
_aSpMaBN _bspa _cIT-RoINE _dIT-RoINE |
||
| 100 | 1 |
_aMaravall, José Antonio, _d1911-1986 _99712 |
|
| 245 | 1 | 3 |
_aEl mundo social de "La Celestina" / _cJosé Antonio Maravall. |
| 250 | _a3ª ed. rev. | ||
| 260 |
_aMadrid : _bGredos, _c[1981] |
||
| 300 |
_a186 p., 1 h. de lám. ; _c21 cm. |
||
| 336 |
_2rdacontent _atext |
||
| 337 |
_2rdamedia _aunmediated |
||
| 338 |
_2rdacarrier _avolume |
||
| 490 | 1 |
_aBiblioteca románica hispánica. _aII, Estudios y ensayos ; _v80 |
|
| 504 | _aIncluye bibliografía. | ||
| 600 | 1 | 4 |
_aRojas, Fernando de, _dca. 1470-1541. _tLa Celestina _926719 |
| 651 | 4 |
_aEspaña _xCondiciones sociales _ySiglo 15o. _926720 |
|
| 830 | 0 |
_912052 _aBiblioteca románica hispánica. _nII, _pEstudios y ensayos ; _v80 |
|
| 942 | _cMTS | ||
| 999 |
_c13145 _d13145 |
||